006100000a22001810004500090001300000245010000013044001300113041001400126690003000140690003600170690003100206651004200237700003800279100004200317942001300359773003900372999001700411 aSERIADAS10aCatálogo de la flora vascular de la cuenca alta del río Subachoque (Cundinamarca, Colombia) aColombia0 aEspañol aPlantas vasculares992265 aInventarios florísticos97117 aPlantas silvestres9100530 4dCundinamarcalRío Subachoque9927491 aHernández Schmit, Mateo91005311 aFernández Alonso, José Luis94621 cARTICULO1 tCaldasiamJunh1q73-104d2007g29 c16296d16296